Electric and Hybrid Vehicles (Record no. 591144)

000 -LEADER
fixed length control field 00371nam a22001457a 4500
020 ## - INTERNATIONAL STANDARD BOOK NUMBER
International Standard Book Number 9780367273231
040 ## - CATALOGING SOURCE
Transcribing agency NUST
082 ## - DEWEY DECIMAL CLASSIFICATION NUMBER
Classification number 629.2293 DEN
100 ## - MAIN ENTRY--PERSONAL NAME
Personal name Denton, Tom
9 (RLIN) 64787
245 ## - TITLE STATEMENT
Title Electric and Hybrid Vehicles
250 ## - EDITION STATEMENT
Edition statement 2nd ed.
260 ## - PUBLICATION, DISTRIBUTION, ETC.
Place of publication, distribution, etc. New York:
Name of publisher, distributor, etc. Routledge,
Date of publication, distribution, etc. 2020.
650 ## - SUBJECT ADDED ENTRY--TOPICAL TERM
Topical term or geographic name entry element Hybrid electric vehicles.NUSTTB2022
9 (RLIN) 102865
942 ## - ADDED ENTRY ELEMENTS (KOHA)
Source of classification or shelving scheme
Koha item type Book
Holdings
Withdrawn status Lost status Source of classification or shelving scheme Damaged status Not for loan Permanent Location Current Location Shelving location Date acquired Total Checkouts Full call number Barcode Date last seen Price effective from Koha item type
          College of Electrical & Mechanical Engineering (CEME) College of Electrical & Mechanical Engineering (CEME) General Stacks 08/17/2022   629.2293 DEN CEME-50827 08/17/2022 08/17/2022 Book
          College of Electrical & Mechanical Engineering (CEME) College of Electrical & Mechanical Engineering (CEME) General Stacks 11/17/2022   280 SCB CEME-50827-A 11/17/2022 11/17/2022 Book
© 2023 Central Library, National University of Sciences and Technology. All Rights Reserved.